000 00486nam a2200193Ia 4500
999 _c223
_d223
020 _a0-8039-0318-9
082 _a306.4812 SOC-
245 0 _aSociology of leisure
260 _aBeverly Hills
_bSage Publications
_c1971
300 _a135p.
440 _aSage contemoporary social science issues
650 _aSociology
650 _aScience - Social aspects
650 _aPhilosophy
650 _aLeisure
700 _aJohannis, Theodore.B
700 _aBull, C. Neil
942 _cBK